[Event "ROM-ch U08 Girls"]
[Site "Calimanesti"]
[Date "2013.04.08"]
[Round "9"]
[White "Popa, Roxana Maria"]
[Black "Marinescu, Medeea Maria"]
[Result "1-0"]
[WhiteElo "1292"]
[BlackElo "1001"]
[PlyCount "79"]
[EventDate "2013.04.02"]
[EventType "swiss"]
[EventRounds "9"]
[EventCountry "ROU"]
[SourceTitle "CBM 153 Extra"]
[Source "ChessBase"]
[SourceDate "2013.04.22"]
[SourceVersion "1"]
[SourceVersionDate "2013.04.22"]
[SourceQuality "1"]

1. d4 d5 2. Nf3 Bf5 3. e3 Nf6 4. b3 e6 5. Bb2 Nbd7 6. Bd3 Bxd3 7. Qxd3 Bd6 8. 0-0 c5 9. Nbd2 0-0 10. Rad1 Qc7 11. h3 e5 12. Qe2 Rfd8 13. Ba3 e4 14. Ne1 Bh2+ 15. Kh1 Qc6 16. g3 Qe6 17. Kxh2 Qf5 18. dxc5 Rac8 19. Ng2 Nxc5 20. f4 d4 21. exd4 Rxd4 22. Bb2 Rd5 23. Ne3 Qh5 24. g4 Qh4 25. Nxd5 Nxd5 26. Nxe4 Re8 27. Rxd5 Nxe4 28. Qg2 Re6 29. g5 Nd6 30. Qg4 Qxg4 31. hxg4 Re2+ 32. Kg1 Ne8 33. Rd8 Kf8 34. Ba3+ Re7 35. Bxe7+ Kxe7 36. Rfd1 Kf8 37. Re1 f6 38. Rdxe8+ Kf7 39. f5 g6 40. R1e7# 1-0

[Event "ROM-ch U08 Girls"]
[Site "Calimanesti"]
[Date "2013.04.03"]
[Round "3"]
[White "Marinescu, Medeea Maria"]
[Black "Bresug, Ariana Bianca"]
[Result "1-0"]
[WhiteElo "1001"]
[BlackElo "1056"]
[PlyCount "31"]
[EventDate "2013.04.02"]
[EventType "swiss"]
[EventRounds "9"]
[EventCountry "ROU"]
[SourceTitle "CBM 153 Extra"]
[Source "ChessBase"]
[SourceDate "2013.04.22"]
[SourceVersion "1"]
[SourceVersionDate "2013.04.22"]
[SourceQuality "1"]

1. e4 c6 2. d4 d5 3. Nc3 g6 4. Nf3 Bg4 5. Be2 Bh6 6. Bxh6 Nxh6 7. h3 Bxf3 8. Bxf3 0-0 9. Qd2 Kg7 10. 0-0-0 Nd7 11. exd5 cxd5 12. Bxd5 Rb8 13. h4 Nf6 14. Bb3 Rc8 15. Qg5 a6 16. h5 1-0